Forgotten Dilli: (Record no. 150238)

MARC details
000 -LEADER
fixed length control field 00744nam a22002057a 4500
005 - DATE AND TIME OF LATEST TRANSACTION
control field 20180305145246.0
010 ## - LCCN (DPL NO)
LC control number B-689635
020 ## - INTERNATIONAL STANDARD BOOK NUMBER
International Standard Book Number 9788190583329
Terms of availability 4500.00
035 ## - SYSTEM CONTROL NUMBER
System control number B-689635
037 ## - SOURCE OF ACQUISITION
Stock number dpl
Source of stock number/acquisition Aakar
082 ## - DEWEY DECIMAL CLASSIFICATION NUMBER
Classification number 954.16
100 ## - MAIN ENTRY--PERSONAL NAME
Personal name Akhtar,Susmita S.
245 ## - TITLE STATEMENT
Title Forgotten Dilli:
Statement of responsibility, etc by Sasmita S. Akhtar and Shamim Akhtar
Remainder of title portrait of an immortal city/
260 ## - PUBLICATION, DISTRIBUTION, ETC. (IMPRINT)
Place of publication, distribution, etc New Delhi
Name of publisher, distributor, etc Nishcam Publication
Date of publication, distribution, etc 2010
270 ## - ADDRESS
Address 19, third Floor, Hauz Khas Village
City New Delhi
Postal code 110016
300 ## - PHYSICAL DESCRIPTION
Extent 183p
Dimensions 40cm(Hb)
Other physical details Col.ill
700 ## - ADDED ENTRY--PERSONAL NAME
Personal name Akhtar, Shamim
942 ## - ADDED ENTRY ELEMENTS (KOHA)
Source of classification or shelving scheme Dewey Decimal Classification
Item type English Books
Call number suffix AKH
Classification part 954.16
Holdings
Withdrawn status Lost status Not for loan Collection code Home library Current library Date acquired Source of acquisition Cost, normal purchase price Full call number Barcode Copy number Cost, replacement price Koha item type
    Not For Loan Reference Central Library Central Library 05/03/2018 Aakar/I-2742/22.2.18/EN/SPl/2017-18/889/21.2.2018/22.02.2018 4500.00 954.16 AKH B-689635 1 4500.00 English Books

© Delhi Public Library
Hit Counter
free hit counter